Catálogo

Del imaginario social a la fe : (Registro nro. 66462)

Detalles MARC
000 -LEADER
fixed length control field 01332cam a2200325 i 4500
001 - CONTROL NUMBER
control field 66462
003 - CONTROL NUMBER IDENTIFIER
control field Mx-PuUPA
005 - DATE AND TIME OF LATEST TRANSACTION
control field 20260415160722.0
008 - FIXED-LENGTH DATA ELEMENTS--GENERAL INFORMATION
fixed length control field 161027s2015 mpua gr 000 0 spa d
020 ## - INTERNATIONAL STANDARD BOOK NUMBER
International Standard Book Number 9786078093632
040 ## - CATALOGING SOURCE
Original cataloging agency MX-PuUPA
Language of cataloging spa
Description conventions rda
Transcribing agency Mx-PuUPA
Modifying agency Mx-PuUPA
041 0# - LANGUAGE CODE
Language code of text/sound track or separate title spa
043 ## - GEOGRAPHIC AREA CODE
Local GAC code n-mx-pu
110 2# - MAIN ENTRY--CORPORATE NAME
Corporate name or jurisdiction name as entry element Universidad Popular Autónoma del Estado de Puebla,
9 (RLIN) 6081
245 14 - TITLE STATEMENT
Title Del imaginario social a la fe :
Remainder of title Guadalupe /
Statement of responsibility, etc. Universidad Popular Autónoma del Estado de Puebla ; Dulce María Judith Pérez Torres, Esteban Miguel León Ochoa, Viridiana Vera Gracia [y otros tres]
250 ## - EDITION STATEMENT
Edition statement Primera edición
264 #1 - PRODUCTION, PUBLICATION, DISTRIBUTION, MANUFACTURE, AND COPYRIGHT NOTICE
Place of production, publication, distribution, manufacture Puebla, México :
Name of producer, publisher, distributor, manufacturer Universidad Popular Autónoma del Estado de Puebla,
Date of production, publication, distribution, manufacture, or copyright notice 2015
300 ## - PHYSICAL DESCRIPTION
Extent 123 páginas :
Other physical details ilustraciones (en blanco y negro) ;
Dimensions 21 cm
336 ## - CONTENT TYPE
Content type term texto
Fuente rdacontent
Content type code txt
337 ## - MEDIA TYPE
Media type term sin medio
Source rdamedia
Media type code n
338 ## - CARRIER TYPE
Carrier type term volumen
Source rdacarrier
Carrier type code nc
600 04 - SUBJECT ADDED ENTRY--PERSONAL NAME
Personal name Virgen de Guadalupe
General subdivision Apariciones y milagros
-- Historia
650 #7 - SUBJECT ADDED ENTRY--TOPICAL TERM
Topical term or geographic name entry element Catolicismo
Geographic subdivision México
General subdivision Historia
Source of heading or term armarc
700 1# - ADDED ENTRY--PERSONAL NAME
Personal name Pérez Torres, Dulce María Judith,
Relator term autor
9 (RLIN) 3088
700 1# - ADDED ENTRY--PERSONAL NAME
Personal name León Ochoa, Esteban Miguel,
Relator term autor
9 (RLIN) 3089
700 1# - ADDED ENTRY--PERSONAL NAME
Personal name Vera Gracia, Viridiana,
Relator term autor
9 (RLIN) 4228
942 ## - ADDED ENTRY ELEMENTS (KOHA)
Classification part 232.917
Item part D33
Koha item type Libro
Source of classification or shelving scheme Dewey Decimal Classification
Existencias
Withdrawn status Lost status Source of classification or shelving scheme Damaged status Not for loan Collection code Home library Current library Shelving location Date acquired Source of acquisition Total Checkouts Full call number Barcode Date last seen Copy number Price effective from Koha item type Date last checked out
    Dewey Decimal Classification     General Angelópolis Angelópolis Sala general 29/04/2024     232.917 D33 2015 965000000298 29/04/2024   29/04/2024 Libro  
    Dewey Decimal Classification     General Atlixco Atlixco Sala general 11/04/2024     232.917 D33 2015 962000000082 11/04/2024   11/04/2024 Libro  
    Dewey Decimal Classification     General Centro de Estudios Guadalupanos Biblioteca Karol Wojtyla Sala general 03/12/2013 Compra   232.917 D33 2015 48141 03/03/2026 Ej.3 03/12/2013 Libro  
    Dewey Decimal Classification     General Biblioteca Karol Wojtyla Biblioteca Karol Wojtyla Sala general 07/12/2016 Compra 2 232.917 D33 2015 94724 20/05/2022 Ej.2 07/12/2016 Libro 12/05/2022
    Dewey Decimal Classification     General Biblioteca Karol Wojtyla Biblioteca Karol Wojtyla Sala general 07/12/2016 Compra   232.917 D33 2015 94723   Ej.3 07/12/2016 Libro  
    Dewey Decimal Classification   Consulta en sala UPAEP Biblioteca Karol Wojtyla Biblioteca Karol Wojtyla Sala "Colecciones Especiales" 07/12/2016 Compra   232.917 D33 2015 94722 05/01/2026   07/12/2016 Libro  
    Dewey Decimal Classification     General Centro de Estudios Guadalupanos Centro de Estudios Guadalupanos Sala general 03/12/2013 Compra   232.917 D33 2015 63029 05/01/2026 Ej.2 03/12/2013 Libro  
    Dewey Decimal Classification     General Centro de Estudios Guadalupanos Centro de Estudios Guadalupanos Sala general 03/12/2013 Compra   232.917 D33 2015 49402 05/01/2026   03/12/2013 Libro  
    Dewey Decimal Classification     General Cholula Cholula Sala general 11/04/2024     232.917 D33 2015 964000000109 11/04/2024   11/04/2024 Libro  
    Dewey Decimal Classification     General Huamantla Huamantla Sala general 11/04/2024     232.917 D33 2015 967000000086 11/04/2024   11/04/2024 Libro  
    Dewey Decimal Classification     General Lomas de Angelópolis Lomas de Angelópolis Sala general 11/04/2024     232.917 D33 2015 216400000166 11/04/2024   11/04/2024 Libro  
    Dewey Decimal Classification     General Preparatoria Sur Preparatoria Sur Sala general 11/04/2024     232.917 D33 2015 961000000107 11/04/2024   11/04/2024 Libro  
    Dewey Decimal Classification     General San Martín San Martín Sala general 11/04/2024     232.917 D33 2015 963000000083 11/04/2024   11/04/2024 Libro  
    Dewey Decimal Classification     General Santa Ana Santa Ana Sala general 11/04/2024     232.917 D33 2015 966000000086 11/04/2024   11/04/2024 Libro  
    Dewey Decimal Classification     General Santiago Santiago Sala general 11/04/2024     232.917 D33 2015 960000000148 11/04/2024   11/04/2024 Libro  
    Dewey Decimal Classification     General Tehuacán Tehuacán Sala general 31/08/2022     232.917 D33 2015 968000001028 08/01/2025   31/08/2022 Libro  
    Dewey Decimal Classification     General Tehuacán Tehuacán Sala general 12/04/2024     232.917 D33 2015 968000002252 08/01/2025 Ej.2 12/04/2024 Libro